000 00587nam a22002417a 4500
003 UA-OsUOA
001 20444
007 ta
008 20031029b un ||||| |||| 00| 0 ukr d
100 _aМарков С.
090 _a929:91
_bМ27
942 _cBK
040 _aUA-OsUOA
_brus
_cUA-OsUOA
_dUA-OsUOA
245 _aНиколай Николаевич Миклухо-Маклай
300 _a96 с.
955 _a0
041 _arus
080 _a929:91
260 _aМосква
_bМолодая гвардия
_c1944
044 _aRU
650 7 _2UDC
999 _c306621
_d306621